| 000 | 00717nam a2200217Ii 4500 | ||
|---|---|---|---|
| 003 | JO-AjNU | ||
| 008 | 230606s9999||||xx |||||||||||||| ||und|| | ||
| 020 | _a978-0-324-56634-5/0-32456634-4 | ||
| 040 |
_aJO-AjNU _beng _erda _cJO-AjNU |
||
| 041 | _aeng | ||
| 050 | 1 | 4 | _aHE1017.A6.2008 |
| 100 | 3 |
_aAnderson, David Ray, Sweeney, Dennis J,WILLIAMS, Thomas Arthur, _eauthor _91772 |
|
| 245 | 0 | 0 | _aSTATISTICS FOR BUSINESS AND ECONOMICS |
| 250 | _a9 ed | ||
| 264 | 3 | 1 | _aAustralia:THOMSON SOUTH-WESTERN.2008 |
| 300 | _a1023p | ||
| 336 |
_atext _btxt _2rdacontent |
||
| 337 |
_aunmediated _bn _2rdamedia |
||
| 338 |
_avolume _bnc _2rdacarrier |
||
| 650 | 4 |
_aCommercial statistics. Economics -- Statistical methods. _91773 |
|
| 999 |
_aE934 _c934 _d934 |
||